Statistics for muffin lyrics

Click here to take the quiz!

General Stats

  • This quiz has been taken 41 times
  • The average score is 270 of 393

Answer Stats

:;Answer% Correct
;muffin
93%
' | : | ;i
89%
' | ;a
85%
;i'm
85%
' | ;im
85%
' | ;an
78%
;thinkin
78%
' | ;you
78%
' | ;about
74%
' | ;cake
74%
;can
74%
;candy
74%
;got
74%
' | ;know
74%
;marry
74%
' | ;me
74%
: | ;my
74%
;sweeter
74%
;than
74%
;the
74%
;when
74%
' | ;your
74%
' | ;and
70%
'bad
70%
' | ;be
70%
'boy
70%
;ding
70%
;dong
70%
;doo
70%
'gon
70%
;knocking
70%
' | ;like
70%
;love
70%
' | ;of
70%
;on
70%
;ten
70%
;times
70%
;to
70%
;trick
70%
;up
70%
;wake
70%
' | ;we
70%
;app
67%
;at
67%
;broke
67%
;but
67%
;cause
67%
;door
67%
;every
67%
'food
67%
'he
67%
' | ;in
67%
;kat
67%
;kit
67%
' | ;mine
67%
;no
67%
:oh
67%
;one
67%
;or
67%
;our
67%
;pop
67%
;ring
67%
;treat
67%
;was
67%
;apple
63%
;as
63%
;away
63%
;call
63%
;doctor
63%
;dreams
63%
'E-BOY
63%
;gift
63%
;gonna
63%
:gosh
63%
'halo
63%
;knee
63%
;language
63%
;moon
63%
; | ;;need
63%
;so
63%
'take
63%
;were
63%
;willy
63%
;wonka
63%
;basket
59%
;bit
59%
;brain
59%
;cold
59%
;cookie
59%
;crush
59%
;day
59%
'diamonds
59%
;don't
59%
'double
59%
;have
59%
;ice
59%
'i've
59%
'jar
59%
;keep
59%
;let
59%
;little
59%
'looking
59%
;pie
59%
;saw
59%
'stream
59%
;week
59%
;what
59%
' | ;with
59%
'been
56%
;coly
56%
;dating
56%
;down
56%
;fear
56%
;fly
56%
;fortune
56%
;freeze
56%
'full
56%
;get
56%
;goodies
56%
;great
56%
;heart
56%
;if
56%
;i'll
56%
'jellybeans
56%
;left
56%
;meant
56%
;oompa
56%
;see
56%
;tennessee
56%
;trash
56%
;valentine
56%
;all
52%
;baby
52%
;chocolatier
52%
;coca
52%
;drinkin
52%
;found
52%
;jealousy
52%
;just
52%
;kiss
52%
;loompa
52%
;not
52%
;now
52%
;speak
52%
;trolling
52%
;want
52%
;you're
52%
'angle
48%
;everyday
48%
;feed
48%
;find
48%
'gotta
48%
;instagram
48%
;scrolling
48%
;through
48%
;yeah
48%
;approaching
44%
;paroling
44%
;could
41%
;rotting
41%
;insanity
37%
;man
37%
;doompity
11%
;everday
4%
;hershery's
0%

Score Distribution

Percentile by Number Answered

Percent of People with Each Score

Your Score History

You have not taken this quiz